Zámek Dačice /

Hlavní autor: Bisová, Jana, 1951-
Další autoři: Mikeš, Jan, 1979-
Jazyk: Čeština
Vydáno: České Budějovice : Národní památkový ústav, územní odborné pracoviště v Českých Budějovicích, 2012
Vydání: Vyd. 1.
Témata:
Fyzický popis: 109 s. : il. (převážně barev.), portréty, 1 plán, faksim., 1 erb ; 21 cm
Knihy
Uloženo v:
LEADER 01608nam a2200457 a 4500
001 nkc20122433401
003 CZ PrNK
005 20150610142412.0
007 ta
008 130906s2012 xr acehe f 000 0 cze
015 |a cnb002433401 
020 |a 978-80-85033-39-7  |q (brož.) 
035 |a (OCoLC)859736705 
040 |a ABA001  |b cze 
043 |a e-xr---  |b e-xr-jc  |2 czenas 
072 7 |a 72  |x Architektura  |2 Konspekt  |9 21 
080 |a 728.82  |2 MRF 
080 |a (437.319)  |2 MRF 
080 |a (036)  |2 MRF 
100 1 |a Bisová, Jana,  |d 1951-  |7 jo2004213836  |4 aut 
245 1 0 |a Zámek Dačice /  |c Jana Bisová, Jan Mikeš 
250 |a Vyd. 1. 
260 |a České Budějovice :  |b Národní památkový ústav, územní odborné pracoviště v Českých Budějovicích,  |c 2012 
300 |a 109 s. :  |b il. (převážně barev.), portréty, 1 plán, faksim., 1 erb ;  |c 21 cm 
500 |a 1000 výt. 
504 |a Obsahuje bibliografii 
610 2 7 |a Dačice (zámek)  |7 kn20040108006  |2 czenas 
650 0 7 |a zámky  |7 ph127734  |z Česko  |2 czenas 
650 0 7 |a zámky  |7 ph127734  |x dějiny  |2 czenas 
650 0 9 |a chateaux  |z Czechia  |2 eczenas 
650 0 9 |a chateaux  |x history  |2 eczenas 
651 7 |a Dačice (Česko)  |7 ge128992  |2 czenas 
651 9 |a Dačice (Czechia)  |2 eczenas 
655 7 |a průvodce  |7 fd133154  |2 czenas 
655 9 |a guidebooks  |2 eczenas 
700 1 |a Mikeš, Jan,  |d 1979-  |7 mzk2010579641  |4 aut  |4 pht 
910 2 |a BOA001  |b 2-1346.464 
990 |a BK 
995 |a 01 
991 |b 201505  |c NOV  |e n 
996 6 |b 2610632692  |c 2-1346.464  |l MZK  |r Sklad / do 1 hodiny  |n 4  |p p.v.  |w 001504622  |u 000010  |a 1  |e BOA001  |j MZK50  |s P